| 000 | 00635nam a22002057a 4500 | ||
|---|---|---|---|
| 999 |
_c16979 _d16979 |
||
| 003 | AR-CdUCM | ||
| 008 | 190507b ||||| |||| 00| 0 spa d | ||
| 040 |
_aMUNICIPALIDAD PROVINCIAL DEL CUSCO _cBIBLIOTECA MUNICIPAL DEL CUSCO |
||
| 082 |
_a869.508 / _bF9 |
||
| 100 |
_aBermejo, Vladimiro _91790 |
||
| 245 | _aCuentistas arequipeños / | ||
| 260 |
_aArequipa : _bEdit. Lumen, _c1958. |
||
| 300 |
_a135 páginas ; _c18 cm. |
||
| 440 |
_aPrimer festival del libro arequipeño ; _930746 |
||
| 505 | _aContenido: Cuento | ||
| 650 |
_aCuento peruano _93686 |
||
| 650 |
_aSiglo XX _98 |
||
| 942 |
_2ddc _cLIBROS |
||
| 945 |
_aacv _d2019-05-07 |
||